| 000 | 01483nam a22003857a 4500 | ||
|---|---|---|---|
| 001 | 12839336 | ||
| 003 | OSt | ||
| 005 | 20210426112619.0 | ||
| 008 | 020701s2003 nyuab b 001 0 eng | ||
| 010 | _a 2002026404 | ||
| 020 | _a0393051447 | ||
| 040 |
_aDLC _cDLC _dDLC |
||
| 043 | _ae-ur--- | ||
| 050 | 0 | 0 |
_aDK275.K5 _bT38 2003 |
| 080 |
_a92 _bT-24 |
||
| 082 | 0 | 0 |
_a947.085/2/092 _aB _221 |
| 100 | 1 | _aTaubman, William. | |
| 245 | 1 | 0 |
_aKhrushchev : _bthe man and his era / _cWilliam Taubman. |
| 250 | _a1st ed. | ||
| 260 |
_aNew York, N.Y. : _bW. W. Norton & Company, Inc., _cc2003. |
||
| 300 |
_axx, 876 p. : _bill., maps ; _c25 cm. |
||
| 365 | _e35.00 USD | ||
| 500 | _aMaps on lining papers. | ||
| 504 | _aIncludes bibliographical references (p. 793-824) and index. | ||
| 600 | 1 | 0 |
_aKhrushchev, Nikita Sergeevich, _d1894-1971. |
| 650 | 0 |
_aHeads of state _zSoviet Union _vBiography. |
|
| 651 | 0 |
_aSoviet Union _xPolitics and government _y1953-1985. |
|
| 653 | _aბიოგრაფია | ||
| 856 | 4 | 2 |
_3Book review (H-Net) _uhttp://www.h-net.org/review/hrev-a0d1g4-aa |
| 856 | 4 | 1 |
_3Table of contents _uhttp://www.loc.gov/catdir/toc/fy037/2002026404.html |
| 856 | 4 | 2 |
_3Book review (H-Net) _uhttp://www.h-net.org/reviews/showrev.php?id=18215 |
| 906 |
_a7 _bcbc _corignew _d1 _eocip _f20 _gy-gencatlg |
||
| 942 |
_2udc _cBK |
||
| 999 |
_c977 _d977 |
||